| 000 | 00801nam a22001577a 4500 | ||
|---|---|---|---|
| 003 | OSt | ||
| 005 | 20150926101717.0 | ||
| 008 | 150923b xxu||||| |||| 00| 0 eng d | ||
| 040 | _cRUA | ||
| 082 | _aAGR SUN 2010 B047 Or.1 | ||
| 100 |
_91221 _aSUN, SOPAGNA |
||
| 245 | _aServerlance of green ants control insect pests on cashew tree in santuk district, kampong thom province,(ការអង្កេតសកម្មភាពអង្រ្កងក្នុងការគ្រប់គ្រងលើសត្វល្អិតចង្រៃលើដំណាំស្វាយចន្ទីក្នុងលក្ខខណ្ឌ ស្រុកសន្ទុក ខេត្តកំពង់ធំ) | ||
| 260 |
_aPhnom Penh _bRUA _c2010 |
||
| 300 |
_ax, 86 _bill. _c29cm. |
||
| 942 |
_2ddc _cAGR |
||
| 999 |
_c1165 _d1165 |
||